| 000 | 01263nam a2200301 i 4500 | ||
|---|---|---|---|
| 001 | bg | ||
| 100 | 1 | _aNowacki, Andrzej. | |
| 245 | 1 | 0 |
_aRoboty wykończeniowe. _nZ. 8, _pPosadzki betonowe utwardzone powierzchniowo preparatami proszkowymi / _cInstytut Techniki Budowlanej ; [aut.: Andrzej Nowacki]. |
| 260 |
_aWarszawa : _bInstytut Techniki Budowlanej, _c2007. |
||
| 300 |
_a25 s. ; _c24 cm. |
||
| 490 | 1 |
_aInstrukcje, Wytyczne, Poradniki / Instytut Techniki Budowlanej ; _aWarunki techniczne wykonania i odbioru robót budowlanych ; _v433/2007 _vcz. B |
|
| 490 | 1 |
_aWarunki techniczne wykonania i odbioru robót budowlanych ; _vcz. B |
|
| 650 | 9 | _aRoboty podłogowe | |
| 650 | 9 |
_aPodłoga _xnormalizacja _zPolska |
|
| 655 | _aInstrukcje | ||
| 710 | 2 | _aInstytut Techniki Budowlanej | |
| 830 | 0 |
_aInstrukcje, Wytyczne, Poradniki - Instytut Techniki Budowlanej _v433/2007 |
|
| 830 | _aWarunki techniczne wykonania i odbioru robót budowlanych ; | ||
| 020 | _a8373706607 (całość) | ||
| 020 | _a9878324912377 (zeszyt) | ||
| 040 | _cBPK | ||
| 041 | 0 | _apol | |
| 044 | _aPOL | ||
| 080 | _a692.6:006.3/.8](438) | ||
| 942 | _cKS | ||
| 008 | s pl f |000 0 pol | ||
| 999 |
_c54669 _d54669 |
||
| 856 |
_uhttp://koha.tu.koszalin.pl/cgi-bin/koha/opac-detail.pl?biblionumber=54669 _yKatalog online BPK |
||